African Footballer of the Year - Statistics

General Stats
  • This quiz has been taken 301 times
    61 since last reset
  • The average score is 23 of 31
Answer Stats
Year Country Team Player % Correct
2006 Ivory Coast Chelsea Didier Drogba
100%
2009 Ivory Coast Chelsea Didier Drogba
100%
2017 Egypt Liverpool Mohamed Salah
100%
2018 Egypt Liverpool Mohamed Salah
100%
2019 Senegal Liverpool Sadio Mané
98%
2022 Senegal Bayern Munich Sadio Mané
98%
2025 Morocco Paris Saint-Germain Achraf Hakimi
97%
2016 Algeria Leicester City Riyad Mahrez
93%
2003 Cameroon Mallorca Samuel Eto'o
93%
2004 Cameroon Barcelona Samuel Eto'o
93%
2005 Cameroon Barcelona Samuel Eto'o
93%
2010 Cameroon Inter Samuel Eto'o
93%
2023 Nigeria Napoli Victor Osimhen
93%
2011 Ivory Coast Manchester City Yaya Touré
93%
2012 Ivory Coast Manchester City Yaya Touré
93%
2013 Ivory Coast Manchester City Yaya Touré
93%
2014 Ivory Coast Manchester City Yaya Touré
93%
2015 Gabon Borussia Dortmund Pierre-Emerick Aubameyang
91%
1995 Liberia Milan George Weah
88%
2024 Nigeria Atalanta Ademola Lookman
86%
2008 Togo Arsenal Emmanuel Adebayor
81%
1996 Nigeria Inter Nwankwo Kanu
60%
1999 Nigeria Arsenal Nwankwo Kanu
60%
2001 Senegal Lens El Hadji Diouf
48%
2002 Senegal Liverpool El Hadji Diouf
48%
1992 Ghana Marseille Abedi Pele
43%
2007 Mali Sevilla Frédéric Kanouté
29%
2000 Cameroon Parma Patrick M'Boma
10%
1997 Nigeria Monaco Victor Ikpeba
10%
1994 Nigeria Sporting Lisbon Emmanuel Amunike
5%
1998 Morocco Deportivo La Coruña Mustapha Hadji
5%
No matching quizzes found
Score Distribution
Percent of People with Each Score
Percentile by Number Answered
Your Score History
You have not taken this quiz since the last reset